| 000 | 00452nam a2200169Ia 4500 | ||
|---|---|---|---|
| 003 | GCL | ||
| 008 | 140319s9999 xx 000 0 eng d | ||
| 040 |
_aGCL / _cGCL |
||
| 082 | 0 | 4 |
_a126 _bD C |
| 100 | 1 | _aDAVIES, MARTIN | |
| 245 | 1 | 0 |
_aCONSCIOUSNRSS: PSYCHOLOGICAL AND PHILOSOPHICAL ESSAYS / _cDAVIES, MARTIN |
| 700 | 1 | _aHUMPHREYS, GLYN | |
| 260 |
_a[S.N] : _bBLACK WELL ، _c1993 |
||
| 300 | _a311 P | ||
| 650 | 0 | 4 | _aCONSCIOUSNESS |
| 942 |
_2ddc _cBK |
||
| 999 |
_c10489 _d10489 |
||